Fortnite quiz - Statistics

General Stats
  • This quiz has been taken 189 times
    165 since last reset
  • The average score is 27 of 37
Answer Stats
Question Answer % Correct
What category is the grey gun known as Common
97%
Strongest building material Metal
97%
What category is the grey blue known as Rare
96%
Weakest building material Wood
96%
Middle strenth building material Brick
95%
What category is the grey gold known as Legendary
95%
What category is the grey green known as Uncommon
95%
Total amount of players possible in one game 100
94%
2 player version Duo
93%
What category is the grey purple known as Epic
93%
Single player version Solo
93%
1-4 player version Squad
93%
The town with all the buildings Tilted Towers
87%
How many chest can there be at the very top of the tower at Lonely Lodge 2
85%
What is one type of shotgun Pump shotgun
85%
What is one format Fortnite can be played on Console
79%
What is the other type of shotgun Tactical shotgun
78%
How many bullets can a assault rifle hold in one load 30
77%
What season is fortnite currently in 4
77%
What does it say when you have won a game of fortnite Victory Royale
76%
What is the other format Computer
75%
What is the one shot sniper called Bolt action sniper
74%
What is dusty depot now called Dusty Divot
71%
What is the AR gun that shoots 3 seperate bullets at a time Burst
70%
What is the multiple shot sniper called Semi auto sniper
69%
What fruit, found on the ground underneath certain trees, can you consume for 5 HP Apple
65%
What is the swamp area next to the prison called Moisty mire
65%
*tricky* How many named towns were there in the first season of Fortnite 12
62%
What are the balloons called carrying legendary weapons Care package
57%
What is the relatively new format fortnite can now be played on Phone
51%
What landed in the middle of the map, formally known as Dusty Depot Meteor
50%
What is the place with 5 houses set on the western side of the map Snobby Shores
47%
A new burst assault rifle was just released, what can colors does it come in Purple and Gold
43%
What are the crystals you can consume to give yourself super jump Hop Rocks
41%
What is the theme of this season Super Heros
41%
What gun does the most damage per shot RPG
36%
What are the three animals made out of resources on the map Fox crab and llama
25%
No matching quizzes found
Score Distribution
Percent of People with Each Score
Percentile by Number Answered
Your Score History
You have not taken this quiz since the last reset